000 00809nam a22002297a 4500
003 0
005 20160609165259.0
008 100118t xxu||||| |||| 00| 0 eng d
037 _aM15475
_bBIBLIO
040 _aBUAC
_bF
_cBEPAC
082 _a27.ABM/AGOUA
100 _aAgoua, Alida A. N.
_92856
130 _lfr
_912089
245 _aVariation de la richesse bacillaire en fonction du taux de lymphocytes T CD4 chez les malades tuberculeux à microscope positive, infectés par le virus de l'immunodéficience humaine, admis au CNHPP
260 _aAbomey-calavi
_bEPAC-UAC
_c-2008
300 _aII-56p
_c29cm
500 _aMem Ecole Polytechnique d'Abomey-Calavi 2008
650 _a TAUX LYMPHOCYTES TCD4
_92857
650 _aTUBERCULEUX
_92857
700 _aOusman A. M. BODI
_912090
942 _cTHE
999 _c46735
_d46735